| 000 | 00622cam a22002053a 4500 | ||
|---|---|---|---|
| 001 | 35586 | ||
| 003 | PGUSA | ||
| 005 | 20140828083751.0 | ||
| 008 | 110316s2011||||xxu|||||s|||||000 | eng d | ||
| 040 |
_aPGUSA _beng |
||
| 042 | _adc | ||
| 100 | 1 | _aThompson, Samuel | |
| 245 | 1 | 0 |
_aReminiscences of a Canadian Pioneer for the last Fifty Years : _bAn Autobiography _h[electronic resource] / _cSamuel Thompson |
| 260 |
_bProject Gutenberg, _c2011 |
||
| 506 | _aPublic domain in the USA. | ||
| 516 | _aElectronic text | ||
| 830 | 0 |
_aProject Gutenberg _v35586 |
|
| 856 | 4 | 0 | _uhttp://www.gutenberg.org/ebooks/35586 |
| 942 | _cEB | ||
| 999 |
_c264841 _d264841 |
||